[Event "2 Bundesliga Mitte 2007/2008"]
[Site "Leoben"]
[Date "2008.01.26"]
[Round "6"]
[Board "5"]
[White "Benda, Herbert"]
[Black "Gneiss, Karl"]
[Result "1-0"]
[WhiteElo "2274"]
[BlackElo "2119"]
[PlyCount "79"]
[EventDate "2007.10.13"]
[EventType "team"]
[EventRounds "11"]
[EventCountry "AUT"]
[WhiteTeam "SK Leoben"]
[BlackTeam "SpG VOecklabruck"]

1.e4 c5 2.Nf3 g6 3.d4 cxd4 4.Nxd4 Bg7 5.Nc3 Nc6 6.Be3 Nf6 7.Be2 O-O 8.Nb3 a5
9.a4 Nb4 10.f4 d6 11.O-O Bd7 12.Bf3 Bc6 13.Nd5 Nfxd5 14.exd5 Bd7 15.c3 Na6
16.Qe2 b6 17.Nd4 Bxd4 18.Bxd4 Nc5 19.Ra3 Nxa4 20.f5 Nc5 21.fxg6 fxg6 22.b4 Na6
23.bxa5 bxa5 24.c4 Rb8 25.Qd2 Nc5 26.Qe3 a4 27.Bxc5 dxc5 28.Qxc5 Rc8 29.Qd4 Rf6
30.c5 e5 31.Qe3 Bb5 32.Rb1 Qe8 33.c6 e4 34.Qxe4 Qf8 35.Rc3 a3 36.Rxb5 Re8 37.Qb1
Qg7 38.Rxa3 Rxf3 39.Rxf3 Qd4+ 40.Kh1

[Event "2 Bundesliga Mitte 2007/2008"]
[Site "Leoben"]
[Date "2008.01.26"]
[Round "6"]
[Board "6"]
[White "Mittendorfer, Josef"]
[Black "Sandner, Wolfgang"]
[Result "0-1"]
[WhiteElo "2113"]
[BlackElo "2225"]
[PlyCount "80"]
[EventDate "2007.10.13"]
[EventType "team"]
[EventRounds "11"]
[EventCountry "AUT"]
[WhiteTeam "SpG VOecklabruck"]
[BlackTeam "SK Leoben"]

1.d4 Nf6 2.c4 g6 3.f3 Bg7 4.e4 d6 5.Nc3 O-O 6.Be3 e5 7.d5 Na6 8.Qd2 Ne8 9.g4 c5
10.O-O-O Bd7 11.Bd3 Rb8 12.h4 Nec7 13.h5 b5 14.hxg6 fxg6 15.Qh2 Kf7 16.Nh3 h6
17.f4 Bxg4 18.Rdg1 h5 19.Ng5+ Ke8 20.cxb5 Nb4 21.Bc4 exf4 22.Bxf4 Be5 23.Bxe5
Qxg5+ 24.Kb1 Qxe5 25.Qxe5+ dxe5 26.a3? Ke7 27.axb4 cxb4 28.Na2 Nxb5 29.Nxb4 Nd4
30.Nd3 Nf3 31.Rg2 Kd6 32.Rc2 Nd4 33.Rf2 Rf3 34.Rxf3 Bxf3 35.Rg1 Bxe4 36.Ka2 Rc8
37.Ba6 Bxd5+ 38.Ka3 Rg8 39.Nb4 Be4 40.Rd1 h4

[Event "2 Bundesliga Mitte 2007/2008"]
[Site "StVeit"]
[Date "2008.01.26"]
[Round "6"]
[Board "1"]
[White "Tratar, Marko"]
[Black "Rogic, Davor"]
[Result "1/2-1/2"]
[WhiteElo "2502"]
[BlackElo "2505"]
[PlyCount "100"]
[EventDate "2007.10.13"]
[EventType "team"]
[EventRounds "11"]
[EventCountry "AUT"]
[WhiteTeam "Kl Zeitung MPOe Maria Saal"]
[BlackTeam "SV ASVOe Raika St Veit/Glan"]

1.Nf3 d5 2.d4 Nf6 3.c4 c6 4.e3 Bf5 5.Nc3 e6 6.Bd3 Bxd3 7.Qxd3 Nbd7 8.O-O Be7
9.e4 dxc4 10.Qxc4 O-O 11.Bf4 c5 12.dxc5 Nxc5 13.Rad1 Qb6 14.e5 Nd5 15.Nxd5 exd5
16.Rxd5 Qxb2 17.Bc1 Qb6 18.Be3 Rac8 19.Rc1 Rfd8 20.h4 Rxd5 21.Qxd5 Qe6 22.Qxe6
fxe6 23.Nd4 Kf7 24.Nb5 a6 25.Nd6+ Bxd6 26.exd6 b6 27.a4 a5 28.d7 Rd8 29.Bxc5
bxc5 30.Rxc5 Rxd7 31.Rxa5 Rd1+ 32.Kh2 Rd4 33.g3 Kf6 34.Kg2 Rd3 35.Ra8 h5 36.a5
Ra3 37.a6 Kg6 38.Kf1 Ra2 39.Ke1 Kf7 40.Ra7+ Kf6 41.Ra8 Kf7 42.a7 Kg6 43.g4 hxg4
44.h5+ Kg5 45.Kd1 e5 46.Kc1 e4 47.h6 Kg6 48.hxg7 Kxg7 49.Re8 Rxa7 50.Rxe4 Ra2

[Event "2 Bundesliga Mitte 2007/2008"]
[Site "StVeit"]
[Date "2008.01.26"]
[Round "6"]
[Board "2"]
[White "Neubauer, Martin"]
[Black "Ertl, Johann"]
[Result "1/2-1/2"]
[WhiteElo "2453"]
[BlackElo "2234"]
[PlyCount "53"]
[EventDate "2007.10.13"]
[EventType "team"]
[EventRounds "11"]
[EventCountry "AUT"]
[WhiteTeam "SV ASVOe Raika St Veit/Glan"]
[BlackTeam "Kl Zeitung MPOe Maria Saal"]

1.Nf3 Nf6 2.c4 g6 3.Nc3 Bg7 4.e4 d6 5.d4 O-O 6.h3 e5 7.d5 a5 8.Bg5 Na6 9.Nd2 Qe8
10.g4 Kh8 11.Bd3 Ng8 12.h4 f6 13.Be3 f5 14.exf5 gxf5 15.Bxf5 Bxf5 16.gxf5 Bh6
17.Qg4 Bxe3 18.fxe3 Nh6 19.Qg5 Nxf5 20.Ke2 Qh5+ 21.Qxh5 Ng3+ 22.Ke1 Nxh5 23.Nde4
Rg8 24.Rd1 Ng3 25.Nxg3 Rxg3 26.Kf2 Rg4 27.Rdg1

[Event "2 Bundesliga Mitte 2007/2008"]
[Site "StVeit"]
[Date "2008.01.26"]
[Round "6"]
[Board "3"]
[White "Horvath, Gabor"]
[Black "Jurkovic, Hryoje"]
[Result "1/2-1/2"]
[WhiteElo "2292"]
[BlackElo "2443"]
[PlyCount "91"]
[EventDate "2007.10.13"]
[EventType "team"]
[EventRounds "11"]
[EventCountry "AUT"]
[WhiteTeam "Kl Zeitung MPOe Maria Saal"]
[BlackTeam "SV ASVOe Raika St Veit/Glan"]

1.e4 c5 2.Nc3 Nc6 3.f4 e6 4.Nf3 d5 5.Bb5 Nge7 6.Qe2 d4 7.Nd1 a6 8.Bxc6+ Nxc6
9.Nf2 Be7 10.O-O b6 11.d3 Bb7 12.Bd2 Qd7 13.a3 f6 14.Rab1 O-O 15.g4 f5 16.Rbe1
Rae8 17.h3 Bd6 18.gxf5 exf5 19.Ng5 h6 20.Qh5 hxg5 21.fxg5 Ne5 22.g6 Nxg6 23.Qxg6
Re6 24.Qh5 Bg3 25.Re2 Qd6 26.Nh1 Rg6 27.Bg5 fxe4 28.Rxf8+ Kxf8 29.Nxg3 Qxg3+
30.Rg2 Qe1+ 31.Kh2 exd3 32.Qxg6 Qe5+ 33.Kg1 Qe1+ 34.Kh2 Qe5+ 35.Kg1 Bxg2 36.Kxg2
dxc2 37.Kf3 d3 38.Kg4 Qe2+ 39.Kf5 Qf3+ 40.Ke5 Qe2+ 41.Qe4 Kf7 42.Kd5 d2 43.Qf5+
Kg8 44.Qc8+ Kf7 45.Qf5+ Kg8 46.Qc8+

[Event "2 Bundesliga Mitte 2007/2008"]
[Site "StVeit"]
[Date "2008.01.26"]
[Round "6"]
[Board "4"]
[White "Hebesberger, Thomas"]
[Black "Halvax, Georg"]
[Result "1-0"]
[WhiteElo "2349"]
[BlackElo "2059"]
[PlyCount "113"]
[EventDate "2007.10.13"]
[EventType "team"]
[EventRounds "11"]
[EventCountry "AUT"]
[WhiteTeam "SV ASVOe Raika St Veit/Glan"]
[BlackTeam "Kl Zeitung MPOe Maria Saal"]

1.c4 e6 2.Nf3 d5 3.b3 Nf6 4.Bb2 Bd6 5.d4 c6 6.Nbd2 O-O 7.e3 Nbd7 8.Ne5 Bb4 9.a3
Bxd2+ 10.Qxd2 Ne4 11.Qc2 f6 12.Nxd7 Bxd7 13.f3 Nd6 14.Bd3 f5 15.O-O Qh4 16.a4
Rae8 17.Ba3 Qe7 18.e4 dxe4 19.fxe4 e5 20.dxe5 Qxe5 21.exf5 Bxf5 22.Bxd6 Qd4+
23.Qf2 Qxd6 24.Bxf5 g6 25.Qxa7 gxf5 26.Rad1 Qb4 27.Qd4 Re4 28.Qd3 Qb6+ 29.Kh1
Re3 30.Qd6 Qxb3 31.Qf4 Re7 32.g4 Ref7 33.gxf5 Qc3 34.Rf3 Qf6 35.Rdf1 Kh8 36.a5
Rg8 37.Rg3 Rgf8 38.c5 Qd8 39.Qe5+ Qf6 40.Qf4 Qd8 41.Qe5+ Qf6 42.Qxf6+ Rxf6
43.Rb3 Ra8 44.Rxb7 Rxa5 45.Re1 Rf8 46.Ree7 Ra1+ 47.Kg2 Ra2+ 48.Kh3 Rd8 49.f6
Rd3+ 50.Kg4 Ra4+ 51.Kf5 Rf3+ 52.Ke6 Re4+ 53.Kf7 Rxe7+ 54.Rxe7 h5 55.Re5 Rh3
56.Kg6 Rg3+ 57.hxg3

[Event "2 Bundesliga Mitte 2007/2008"]
[Site "StVeit"]
[Date "2008.01.26"]
[Round "6"]
[Board "5"]
[White "Lako, Laszlo"]
[Black "Hoelzl, Franz"]
[Result "0-1"]
[WhiteElo "2178"]
[BlackElo "2374"]
[PlyCount "82"]
[EventDate "2007.10.13"]
[EventType "team"]
[EventRounds "11"]
[EventCountry "AUT"]
[WhiteTeam "Kl Zeitung MPOe Maria Saal"]
[BlackTeam "SV ASVOe Raika St Veit/Glan"]

1.d4 Nf6 2.c4 e6 3.Nf3 d5 4.cxd5 exd5 5.Nc3 c6 6.Bg5 h6 7.Bh4 Bf5 8.e3 Qb6 9.Qb3
Nbd7 10.Nd2 Qxb3 11.Nxb3 a5 12.Be2 a4 13.Nd2 a3 14.b3 Bb4 15.Rc1 O-O 16.O-O Rfe8
17.Rfd1 Rac8 18.h3 g5 19.Bg3 Kg7 20.Nf1 Bg6 21.f3 Nh5 22.Be1 f5 23.Bd3 f4
24.Bxg6 Kxg6 25.g4 fxg3 26.Rd3 Bd6 27.Kg2 Nf4+ 28.exf4 gxf4 29.Bd2 Kf5 30.Re1
Nf8 31.h4 h5 32.Ne2 Ng6 33.Nexg3+ fxg3 34.Nxg3+ Bxg3 35.Kxg3 Rxe1 36.Bxe1 Nf4
37.Rd2 Rg8+ 38.Kh2 Re8 39.Bg3 Re3 40.Bxf4 Kxf4 41.Kg2 Rxf3

[Event "2 Bundesliga Mitte 2007/2008"]
[Site "StVeit"]
[Date "2008.01.26"]
[Round "6"]
[Board "6"]
[White "Mazi, Leon"]
[Black "Eichert, Wolfgang"]
[Result "1-0"]
[WhiteElo "2348"]
[BlackElo "2147"]
[PlyCount "65"]
[EventDate "2007.10.13"]
[EventType "team"]
[EventRounds "11"]
[EventCountry "AUT"]
[WhiteTeam "SV ASVOe Raika St Veit/Glan"]
[BlackTeam "Kl Zeitung MPOe Maria Saal"]

1.e4 c5 2.Nf3 Nc6 3.Bb5 g6 4.O-O Bg7 5.Re1 Nf6 6.e5 Nd5 7.Nc3 Nc7 8.Bxc6 bxc6
9.d3 O-O 10.h3 Rb8 11.b3 Ne6 12.Bb2 d5 13.Qd2 Qc7 14.Na4 h6 15.c4 Rd8 16.Qe3 d4
17.Qd2 a5 18.Ba3 Qa7 19.Re4 Kh7 20.Rae1 Bd7 21.Rh4 f6 22.exf6 exf6 23.Bc1 g5
24.Rhe4 Re8 25.Qd1 Kg8 26.Nh2 Nf8 27.Ba3 Rxe4 28.Rxe4 Ne6 29.Nf1 Bf8 30.Ng3 Ng7
31.Qf3 Kf7 32.Re1 Be7 33.Rxe7+

[Event "2 Bundesliga Mitte 2007/2008"]
[Site "StVeit"]
[Date "2008.01.26"]
[Round "6"]
[Board "1"]
[White "Srienz, Christian"]
[Black "Vajda, Levente"]
[Result "1/2-1/2"]
[WhiteElo "2214"]
[BlackElo "2564"]
[PlyCount "82"]
[EventDate "2007.10.13"]
[EventType "team"]
[EventRounds "11"]
[EventCountry "AUT"]
[WhiteTeam "ESV ASKOE Admira Villach"]
[BlackTeam "ZH Technologies Wolfsberg"]

1.c4 Nf6 2.Nc3 g6 3.g3 Bg7 4.Bg2 O-O 5.Nf3 d6 6.O-O e5 7.d3 Re8 8.b4 e4 9.dxe4
Nxe4 10.Nxe4 Rxe4 11.Rb1 Nc6 12.b5 Nd4 13.Nxd4 Rxd4 14.Qb3 Be6 15.Bd5 Bxd5
16.cxd5 Re4 17.e3 Qd7 18.Bb2 Bxb2 19.Rxb2 Rae8 20.Rc1 R4e5 21.Qd3 R8e7 22.Rc4
Qe8 23.Ra4 c6 24.bxc6 bxc6 25.Rab4 Rxd5 26.Qxd5 cxd5 27.Rb8 Kf8 28.Rxe8+ Kxe8
29.Rb5 d4 30.exd4 Kd7 31.Rb7+ Ke6 32.Rxe7+ Kxe7 33.Kf1 Ke6 34.Ke2 Kd5 35.Kd3 h5
36.f4 f6 37.h3 f5 38.h4 a6 39.a3 a5 40.a4 Kc6 41.Kc4 d5+

[Event "2 Bundesliga Mitte 2007/2008"]
[Site "StVeit"]
[Date "2008.01.26"]
[Round "6"]
[Board "2"]
[White "Vajda, Albert"]
[Black "Hafner, Robert"]
[Result "1-0"]
[WhiteElo "2456"]
[BlackElo "2132"]
[PlyCount "78"]
[EventDate "2007.10.13"]
[EventType "team"]
[EventRounds "11"]
[EventCountry "AUT"]
[WhiteTeam "ZH Technologies Wolfsberg"]
[BlackTeam "ESV ASKOE Admira Villach"]

1.e4 c6 2.d4 d5 3.e5 Bf5 4.Nf3 e6 5.Be2 Ne7 6.O-O Nd7 7.c3 c5 8.Be3 Nc6 9.a3 Be7
10.Nbd2 O-O 11.b4 cxd4 12.cxd4 Rc8 13.Rc1 Ncb8 14.Rxc8 Qxc8 15.Qa1 Nb6 16.Rc1
Qd7 17.Nb3 Na4 18.Nc5 Nxc5 19.dxc5 a6 20.a4 Rc8 21.Nd4 Bg6 22.Nb3 Qc7 23.b5 axb5
24.axb5 Nd7 25.Bd4 Bg5 26.c6 Bxc1 27.cxd7 Qxd7 28.Nxc1 Qc7 29.Be3 Qc2 30.h3 h6
31.b6 Kh7 32.Bf3 Rc3 33.Ne2 Rb3 34.Kh2 Rb1 35.Qa8 Be4 36.Nd4 Qb2 37.Bxe4+ dxe4
38.Qxb7 Qxb6 39.Qxf7 Qb7

[Event "2 Bundesliga Mitte 2007/2008"]
[Site "StVeit"]
[Date "2008.01.26"]
[Round "6"]
[Board "3"]
[White "Neff, Gregor"]
[Black "Mikac, Matjaz"]
[Result "0-1"]
[WhiteElo "2136"]
[BlackElo "2390"]
[PlyCount "48"]
[EventDate "2007.10.13"]
[EventType "team"]
[EventRounds "11"]
[EventCountry "AUT"]
[WhiteTeam "ESV ASKOE Admira Villach"]
[BlackTeam "ZH Technologies Wolfsberg"]

1.e4 e5 2.Nf3 Nc6 3.d4 exd4 4.Bc4 Bc5 5.c3 Nf6 6.cxd4 Bb4+ 7.Bd2 Bxd2+ 8.Nbxd2
d5 9.exd5 Nxd5 10.Qb3 Na5 11.Qa4+ Nc6 12.Qb3 Nce7 13.O-O O-O 14.Rfe1 c6 15.Ne4
Nb6 16.Nc3 Nxc4 17.Qxc4 Nd5 18.Nxd5 Be6 19.Qb4 Bxd5 20.Qxb7 Rb8 21.Qxa7 Bxf3
22.gxf3 Qg5+ 23.Kf1 Rxb2 24.Rad1 Qb5+

[Event "2 Bundesliga Mitte 2007/2008"]
[Site "StVeit"]
[Date "2008.01.26"]
[Round "6"]
[Board "4"]
[White "Wegerer, Fred"]
[Black "Frank, Dieter"]
[Result "1-0"]
[WhiteElo "2266"]
[BlackElo "2153"]
[PlyCount "66"]
[EventDate "2007.10.13"]
[EventType "team"]
[EventRounds "11"]
[EventCountry "AUT"]
[WhiteTeam "ZH Technologies Wolfsberg"]
[BlackTeam "ESV ASKOE Admira Villach"]

1.Nf3 Nf6 2.g3 d5 3.Bg2 e6 4.O-O Be7 5.c4 O-O 6.d4 dxc4 7.Ne5 Nc6 8.Nxc6 bxc6
9.Nc3 Rb8 10.Qa4 Rb4 11.Qxa7 Qd7 12.a3 Rb6 13.Qa4 Ba6 14.Rd1 Rd8 15.Qc2 Rb3
16.e4 c5 17.d5 exd5 18.exd5 Ng4 19.Bf4 Bd6 20.Bxd6 cxd6 21.Be4 g6 22.Qc1 Ne5
23.Qg5 f5 24.Bg2 Rxb2 25.Rab1 Rdb8 26.Qf6 Ng4 27.Rxb2 Rxb2 28.Ne4 Rb6 29.h3 fxe4
30.hxg4 Rb8 31.Bxe4 Re8 32.f3 Qe7 33.Qc3 Rb8 {rest nicht nachvollziehbar}

[Event "2 Bundesliga Mitte 2007/2008"]
[Site "StVeit"]
[Date "2008.01.26"]
[Round "6"]
[Board "5"]
[White "Hartl, Daniel"]
[Black "Pesec, Franz"]
[Result "1-0"]
[WhiteElo "2063"]
[BlackElo "2231"]
[PlyCount "85"]
[EventDate "2007.10.13"]
[EventType "team"]
[EventRounds "11"]
[EventCountry "AUT"]
[WhiteTeam "ESV ASKOE Admira Villach"]
[BlackTeam "ZH Technologies Wolfsberg"]

1.e4 e5 2.Nf3 Nc6 3.Bb5 a6 4.Ba4 Nf6 5.O-O Be7 6.Re1 b5 7.Bb3 d6 8.c3 O-O 9.h3
Na5 10.Bc2 c5 11.d4 Qc7 12.Nbd2 Re8 13.Nf1 Bd7 14.b3 Rac8 15.dxe5 dxe5 16.Ne3
Rcd8 17.Nd5 Nxd5 18.exd5 Bf6 19.Bg5 Qd6 20.Bxf6 Qxf6 21.Nd2 Bf5 22.c4 Nb7
23.Bxf5 Qxf5 24.Ne4 Qg6 25.Qc1 h6 26.Qe3 f5 27.Nxc5 Nxc5 28.Qxc5 bxc4 29.bxc4 f4
30.Rab1 Rc8 31.Qb4 e4 32.Rb3 Rf8 33.c5 e3 34.Qc4 f3 35.d6+ Rf7 36.g3 exf2+
37.Kxf2 Qf5 38.c6 Qxh3 39.d7 Qg2+ 40.Ke3 Rd8 41.Rb8 Kh7 42.Qxf7 Rxb8 43.c7

[Event "2 Bundesliga Mitte 2007/2008"]
[Site "StVeit"]
[Date "2008.01.26"]
[Round "6"]
[Board "6"]
[White "Waldmann, Gerald"]
[Black "Bartl, Ulf"]
[Result "1/2-1/2"]
[WhiteElo "2157"]
[BlackElo "2071"]
[PlyCount "47"]
[EventDate "2007.10.13"]
[EventType "team"]
[EventRounds "11"]
[EventCountry "AUT"]
[WhiteTeam "ZH Technologies Wolfsberg"]
[BlackTeam "ESV ASKOE Admira Villach"]

1.b3 e5 2.Bb2 Nc6 3.c4 Nf6 4.g3 Bc5 5.Bg2 d6 6.d3 O-O 7.Nf3 Re8 8.O-O Ne7 9.Nc3
Bd7 10.a3 Ng6 11.b4 Bb6 12.Nd2 c6 13.a4 Bd4 14.Nb3 Qb6 15.a5 Qc7 16.e3 Bxc3
17.Bxc3 d5 18.Nc5 Rad8 19.Nxd7 Rxd7 20.Qb3 d4 21.Bd2 e4 22.dxe4 Nxe4 23.Bxe4
Rxe4 24.exd4

[Event "2 Bundesliga Mitte 2007/2008"]
[Site "Frauental"]
[Date "2008.01.26"]
[Round "6"]
[Board "1"]
[White "Diermair, Andreas"]
[Black "Sakelsek, Tadej"]
[Result "1-0"]
[WhiteElo "2363"]
[BlackElo "2479"]
[PlyCount "66"]
[EventDate "2007.10.13"]
[EventType "team"]
[EventRounds "11"]
[EventCountry "AUT"]
[WhiteTeam "SV Frauental"]
[BlackTeam "ESV Austria Graz"]

1.e4 e5 2.Nf3 Nc6 3.Bb5 a6 4.Ba4 Nf6 5.O-O b5 6.Bb3 Bc5 7.a4 Rb8 8.c3 d6 9.d4
Bb6 10.axb5 axb5 11.Na3 O-O 12.Nxb5 Bg4 13.Be3 exd4 14.cxd4 Re8 15.h3 Bd7 16.Nc3
h6 17.Bc2 Qc8 18.Re1 Nb4 19.Bb1 c5 20.d5 Qb7 21.Qc1 c4 22.Bf4 Bc5 23.Bd2 Qb6
24.Re2 Rbd8 25.Be3 Bxe3 26.Rxe3 Ra8 27.Rxa8 Rxa8 28.e5 dxe5 29.Nxe5 Qc5 30.Rg3
g5 31.Rxg5+ hxg5 32.Qxg5+ Kf8 33.Qxf6 Be8

[Event "2 Bundesliga Mitte 2007/2008"]
[Site "Frauental"]
[Date "2008.01.26"]
[Round "6"]
[Board "2"]
[White "Langheinrich, Ferenc"]
[Black "Cigan, Stefan"]
[Result "1-0"]
[WhiteElo "2421"]
[BlackElo "2367"]
[PlyCount "68"]
[EventDate "2007.10.13"]
[EventType "team"]
[EventRounds "11"]
[EventCountry "AUT"]
[WhiteTeam "ESV Austria Graz"]
[BlackTeam "SV Frauental"]

1.Nf3 Nf6 2.c4 g6 3.Nc3 Bg7 4.d4 O-O 5.Bg5 d6 6.e3 h6 7.Bh4 Nc6 8.Be2 g5 9.Bg3
Nh5 10.d5 Nb4 11.a3 Na6 12.Nd4 Nxg3 13.hxg3 e5 14.Nb3 f5 15.g4 e4 16.gxf5 Bxf5
17.Nd4 Nc5 18.O-O Qe7 19.Rb1 Bxd4 20.Qxd4 a5 21.b4 Nd7 22.c5 axb4 23.axb4 dxc5
24.bxc5 Nxc5 25.Nb5 Rfd8 26.Rfd1 Ra4 27.Qc3 Bh7 28.Rbc1 b6 29.Nd4 Rxd5 30.Bc4
Rxc4 31.Qxc4 Qd7 32.Rf1 Bg6 33.Ra1 Nd3 34.Ra7 Nc5

[Event "2 Bundesliga Mitte 2007/2008"]
[Site "Frauental"]
[Date "2008.01.26"]
[Round "6"]
[Board "3"]
[White "Schnider, Gert"]
[Black "Kotz, Heinz Peter"]
[Result "1/2-1/2"]
[WhiteElo "2273"]
[BlackElo "2357"]
[PlyCount "31"]
[EventDate "2007.10.13"]
[EventType "team"]
[EventRounds "11"]
[EventCountry "AUT"]
[WhiteTeam "SV Frauental"]
[BlackTeam "ESV Austria Graz"]

1.d4 Nf6 2.c4 g6 3.Nc3 Bg7 4.e4 d6 5.Nf3 O-O 6.Be2 e5 7.O-O Nc6 8.d5 Ne7 9.b4 a5
10.Ba3 b6 11.bxa5 Rxa5 12.Bb4 Ra8 13.a4 Re8 14.Qd3 Nh5 15.g3 f5 16.a5

[Event "2 Bundesliga Mitte 2007/2008"]
[Site "Frauental"]
[Date "2008.01.26"]
[Round "6"]
[Board "4"]
[White "Aschenbrenner, Robert"]
[Black "Raffalt, Manfred"]
[Result "1-0"]
[WhiteElo "2304"]
[BlackElo "2153"]
[PlyCount "37"]
[EventDate "2007.10.13"]
[EventType "team"]
[EventRounds "11"]
[EventCountry "AUT"]
[WhiteTeam "ESV Austria Graz"]
[BlackTeam "SV Frauental"]

1.d4 d5 2.c4 e6 3.Nc3 c5 4.cxd5 exd5 5.Nf3 Nc6 6.g3 Nf6 7.Bg2 h6 8.O-O c4 9.Ne5
Bb4 10.Nxc6 bxc6 11.Qa4 a5 12.Nxd5 Nxd5 13.Qxc6+ Bd7 14.Qxd5 Rc8 15.Qe5+ Be7
16.Bd2 O-O 17.Qxa5 Qe8 18.Qc3 Bf6 19.e4

[Event "2 Bundesliga Mitte 2007/2008"]
[Site "Frauental"]
[Date "2008.01.26"]
[Round "6"]
[Board "5"]
[White "Fauland, Peter"]
[Black "Spindelboeck, Gernot"]
[Result "1/2-1/2"]
[WhiteElo "2222"]
[BlackElo "2276"]
[PlyCount "43"]
[EventDate "2007.10.13"]
[EventType "team"]
[EventRounds "11"]
[EventCountry "AUT"]
[WhiteTeam "SV Frauental"]
[BlackTeam "ESV Austria Graz"]

1.d4 Nf6 2.Nf3 e6 3.c3 d5 4.Bf4 Be7 5.e3 O-O 6.h3 c5 7.Bd3 b6 8.Nbd2 Ba6 9.Bxa6
Nxa6 10.Ne5 Nb8 11.Qf3 Nfd7 12.O-O Nxe5 13.Bxe5 Nc6 14.Bh2 cxd4 15.cxd4 Bd6
16.Qe2 Bxh2+ 17.Kxh2 Qd6+ 18.g3 Rfc8 19.Rfc1 Rc7 20.Rc3 Rac8 21.Qa6 Ne7 22.Rac1

[Event "2 Bundesliga Mitte 2007/2008"]
[Site "Frauental"]
[Date "2008.01.26"]
[Round "6"]
[Board "6"]
[White "Pfaffel, Thomas"]
[Black "Weber, Christoph"]
[Result "1/2-1/2"]
[WhiteElo "2192"]
[BlackElo "2194"]
[PlyCount "62"]
[EventDate "2007.10.13"]
[EventType "team"]
[EventRounds "11"]
[EventCountry "AUT"]
[WhiteTeam "ESV Austria Graz"]
[BlackTeam "SV Frauental"]

1.e4 c5 2.Nf3 d6 3.d4 cxd4 4.Nxd4 Nf6 5.Nc3 g6 6.Be3 Bg7 7.f3 Nc6 8.Qd2 O-O
9.O-O-O d5 10.exd5 Nxd5 11.Nxc6 bxc6 12.Bd4 e5 13.Bc5 Be6 14.Ne4 Re8 15.h4 Rb8
16.c4 Nb6 17.Qxd8 Rexd8 18.Rxd8+ Rxd8 19.b3 Bf5 20.Be3 Bxe4 21.fxe4 f5 22.g3
fxe4 23.Be2 Bf6 24.Rd1 Kf7 25.Rxd8 Bxd8 26.Bf1 Be7 27.Bg2 c5 28.Bxe4 Ke6 29.Bf2
Nd7 30.Kd2 Nb6 31.Bf3 Nd7

[Event "2 Bundesliga Mitte 2007/2008"]
[Site "Frauental"]
[Date "2008.01.26"]
[Round "6"]
[Board "1"]
[White "Mohr, Georg"]
[Black "Pinter, Jozsef"]
[Result "1/2-1/2"]
[WhiteElo "2480"]
[BlackElo "2533"]
[PlyCount "20"]
[EventDate "2007.10.13"]
[EventType "team"]
[EventRounds "11"]
[EventCountry "AUT"]
[WhiteTeam "Strassenbahn Graz"]
[BlackTeam "SK Sparkasse Fuerstenfeld"]

1.Nf3 Nf6 2.c4 e6 3.g3 d5 4.Bg2 dxc4 5.Qa4+ Nbd7 6.Qxc4 c5 7.Qb3 Bd6 8.Na3 O-O
9.Nc4 Bc7 10.Na3 Ng4

[Event "2 Bundesliga Mitte 2007/2008"]
[Site "Frauental"]
[Date "2008.01.26"]
[Round "6"]
[Board "2"]
[White "Kuba, Guenter"]
[Black "Butunoi, Alexandru"]
[Result "0-1"]
[WhiteElo "2396"]
[BlackElo "2403"]
[PlyCount "62"]
[EventDate "2007.10.13"]
[EventType "team"]
[EventRounds "11"]
[EventCountry "AUT"]
[WhiteTeam "SK Sparkasse Fuerstenfeld"]
[BlackTeam "Strassenbahn Graz"]

1.e4 g6 2.d4 Bg7 3.Nc3 c6 4.Nf3 d6 5.Be3 Qb6 6.Rb1 Qc7 7.Qd2 b5 8.h3 Nd7 9.Bd3
Bb7 10.O-O Ngf6 11.b4 O-O 12.Rbe1 e5 13.Bh6 a6 14.dxe5 dxe5 15.Nh4 c5 16.Bxg7
Kxg7 17.bxc5 Qxc5 18.Ne2 h6 19.Ng3 Kh7 20.Kh1 Rad8 21.f4 Ng8 22.Nf3 Qd6 23.fxe5
Nxe5 24.Nxe5 Qxe5 25.Rf3 Rd6 26.Ref1 Rf6 27.Qb4 Kg7 28.Rxf6 Nxf6 29.a4 Re8
30.Kh2 h5 31.axb5 axb5

[Event "2 Bundesliga Mitte 2007/2008"]
[Site "Frauental"]
[Date "2008.01.26"]
[Round "6"]
[Board "3"]
[White "Supancic, Darko"]
[Black "Wach, Markus"]
[Result "1/2-1/2"]
[WhiteElo "2372"]
[BlackElo "2386"]
[PlyCount "120"]
[EventDate "2007.10.13"]
[EventType "team"]
[EventRounds "11"]
[EventCountry "AUT"]
[WhiteTeam "Strassenbahn Graz"]
[BlackTeam "SK Sparkasse Fuerstenfeld"]

1.e4 c5 2.Nf3 e6 3.d4 cxd4 4.Nxd4 a6 5.Bd3 Bc5 6.Nb3 Ba7 7.Qe2 Nc6 8.Be3 Nge7
9.O-O d5 10.Bxa7 Rxa7 11.Rd1 Qc7 12.exd5 Nxd5 13.Be4 Nf6 14.Nc3 O-O 15.Qe3 b6
16.Nd4 Na5 17.Bd3 Bb7 18.Nb3 Nc6 19.Qg3 Qxg3 20.hxg3 Nb4 21.a3 Nxd3 22.Rxd3 Rc8
23.Rad1 Nd5 24.Nxd5 Bxd5 25.Nd4 Rd7 26.c3 Bc4 27.R3d2 Rcd8 28.b3 Bd5 29.Nc2 Bc6
30.Rxd7 Rxd7 31.Rd4 Rxd4 32.Nxd4 Bb7 33.f3 Kf8 34.c4 Ke7 35.Kf2 Kd6 36.Ke3 g6
37.b4 e5 38.Ne2 f5 39.Nc3 Bc6 40.Kd3 h5 41.Nd1 g5 42.Nc3 h4 43.gxh4 gxh4 44.Ke3
Bd7 45.Kd3 Be8 46.Ke3 Bg6 47.Kd3 Bf7 48.Nd1 Be6 49.Nc3 Bd7 50.Ke3 Bc6 51.Kf2 Be8
52.Ke3 Bf7 53.Kd3 Kc6 54.Nd1 Kd6 55.Nc3 Be8 56.Ke3 Bc6 57.Kf2 Be8 58.Ke3 Bg6
59.Kd3 Bh7 60.Ke3 Bg8

[Event "2 Bundesliga Mitte 2007/2008"]
[Site "Frauental"]
[Date "2008.01.26"]
[Round "6"]
[Board "4"]
[White "Kilgus, Georg"]
[Black "Pesorda, Ivan"]
[Result "1/2-1/2"]
[WhiteElo "2354"]
[BlackElo "2270"]
[PlyCount "43"]
[EventDate "2007.10.13"]
[EventType "team"]
[EventRounds "11"]
[EventCountry "AUT"]
[WhiteTeam "SK Sparkasse Fuerstenfeld"]
[BlackTeam "Strassenbahn Graz"]

1.d4 Nf6 2.c4 g6 3.g3 Bg7 4.Bg2 d5 5.cxd5 Nxd5 6.e4 Nb6 7.Ne2 O-O 8.O-O e6
9.Nbc3 Nc6 10.d5 f6 11.f4 Ne7 12.b3 Nbxd5 13.Qd2 Qd7 14.Na4 f5 15.Nac3 Rd8
16.Ba3 Bf8 17.Nxd5 Nxd5 18.Bxf8 Kxf8 19.Rfd1 b6 20.Rac1 Bb7 21.Nc3 Rac8 22.Na4

[Event "2 Bundesliga Mitte 2007/2008"]
[Site "Frauental"]
[Date "2008.01.26"]
[Round "6"]
[Board "5"]
[White "Krebs, Johann"]
[Black "Postl, Anton"]
[Result "1/2-1/2"]
[WhiteElo "2241"]
[BlackElo "2304"]
[PlyCount "29"]
[EventDate "2007.10.13"]
[EventType "team"]
[EventRounds "11"]
[EventCountry "AUT"]
[WhiteTeam "Strassenbahn Graz"]
[BlackTeam "SK Sparkasse Fuerstenfeld"]

1.d4 Nf6 2.c4 g6 3.Nc3 Bg7 4.e4 d6 5.Be2 O-O 6.Nf3 e5 7.O-O Na6 8.Be3 Ng4 9.Bg5
f6 10.Bc1 c6 11.h3 Nh6 12.dxe5 dxe5 13.Be3 Qe7 14.c5 Nf7 15.Bxa6

[Event "2 Bundesliga Mitte 2007/2008"]
[Site "Frauental"]
[Date "2008.01.26"]
[Round "6"]
[Board "6"]
[White "Radnetter, Georg"]
[Black "Kastner, Walter"]
[Result "1-0"]
[WhiteElo "2106"]
[BlackElo "2237"]
[PlyCount "129"]
[EventDate "2007.10.13"]
[EventType "team"]
[EventRounds "11"]
[EventCountry "AUT"]
[WhiteTeam "SK Sparkasse Fuerstenfeld"]
[BlackTeam "Strassenbahn Graz"]

1.e4 e5 2.Nf3 Nc6 3.Bb5 a6 4.Ba4 Nf6 5.O-O Be7 6.Re1 b5 7.Bb3 O-O 8.h3 Bb7 9.d3
d5 10.exd5 Nxd5 11.Nxe5 Nd4 12.Nc3 Nb4 13.Be3 Nxb3 14.axb3 Bd6 15.d4 Qf6 16.Rc1
Rad8 17.Qg4 h6 18.Ne4 Qe7 19.Ng3 Bc8 20.Qf3 Be6 21.Nh5 Qh4 22.Nf4 Qf6 23.Nxe6
Qxe6 24.Bd2 Qd5 25.Bxb4 Qxf3 26.Nxf3 Bxb4 27.c3 Bd6 28.Ra1 Ra8 29.b4 c6 30.Nd2
Rfd8 31.Nb3 Ra7 32.Kf1 Kf8 33.Ra3 Rda8 34.Rea1 Ke7 35.Ke2 Kd7 36.Kd3 Kc7 37.Re1
Rd8 38.Nd2 Kb6 39.Nb3 Kc7 40.Re5 Kb6 41.Re3 Raa8 42.Ra1 Rd7 43.Rae1 Rdd8 44.g4
Kc7 45.Re4 Rf8 46.f4 f5 47.gxf5 Rxf5 48.Nc5 Bxc5 49.bxc5 Rd8 50.Ra1 Rxc5 51.Re7+
Kb6 52.Rxg7 Rh5 53.Rg3 Rh4 54.Rf3 c5 55.Re1 Rd6 56.Re5 cxd4 57.cxd4 a5 58.d5 Kc5
59.Ke4 b4 60.Re8 Rh5 61.Rc8+ Kb6 62.f5 Rg5 63.Ke5 Rg7 64.f6 Rf7 65.Rc6+